[Event "45th Olympiad 2024"]
[Site "Budapest HUN"]
[Date "2024.09.21"]
[Round "10.11"]
[Board "2"]
[White "Krysa, Leandro"]
[Black "Kollars, Dmitrij"]
[Result "1/2-1/2"]
[WhiteElo "2495"]
[BlackElo "2659"]
[PlyCount "168"]
[EventDate "2024.09.11"]
[WhiteTeam "Argentina"]
[BlackTeam "Germany"]
[WhiteTeamCountry "ARG"]
[BlackTeamCountry "GER"]

1. d4 Nf6 2. c4 e6 3. Nf3 d5 4. Nc3 c6 5. Bg5 Nbd7 6. e3 Be7 7. Qb3 O-O 8. Be2 h6 9. Bh4 Ne8 $146 ({RR} 9... b6 10. O-O Bb7 11. Rfd1 c5 12. Bxf6 Nxf6 13. dxc5 Bxc5 14. cxd5 exd5 15. Nd4 Qe7 16. Bf3 Rad8 17. Na4 Ba8 18. Nxc5 bxc5 19. Qa3 Rd7 20. Nb3 c4 21. Qxe7 Rxe7 22. Nd4 Rb8 23. b3 cxb3 24. axb3 {1-0 Lin,W (2460)-Prasad,D (2432) Asia-chT fin 10th 1993 (6)}) ({RR} 9... b6 10. O-O Bb7 11. Rfd1 Rc8 12. Rac1 dxc4 13. Qxc4 b5 14. Qb3 a6 15. Ne5 Nxe5 16. Bxf6 Nd7 17. Bxe7 Qxe7 18. Bf3 Rfd8 19. h3 Nf6 20. Qc2 e5 21. dxe5 Qxe5 22. Ne4 Nxe4 23. Bxe4 Rxd1+ 24. Rxd1 {0-1 Bu Xiangzhi (2690)-Wei Yi (2726) Shenzhen Nanshan Men 2023 (3.3)}) ({RR} 9... dxc4 10. Bxc4 b5 11. Be2 a6 12. Rd1 Bb7 13. O-O c5 14. dxc5 Qc8 15. Qc2 Nxc5 16. a3 Qc6 17. Rc1 Rac8 18. Rfd1 Qb6 19. Nd4 Nce4 20. Qb3 Nxc3 21. bxc3 Qc5 22. Bxf6 gxf6 23. a4 Bd5 24. Qc2 {½-½ Cunjalo,F (2204)-Mesic,I (2252) 22nd Premier League BIH 2024 (2.5)}) ({RR} 9... b6 10. cxd5 exd5 11. O-O Bb7 12. Rad1 Rc8 13. Rfe1 Re8 14. Bd3 c5 15. Bxf6 Nxf6 16. dxc5 Rxc5 17. Bb5 Rf8 18. e4 Qa8 19. exd5 Nxd5 20. Ne4 Rc7 21. Ne5 Bb4 22. Nd2 Qd8 23. Bc4 Re8 24. Nef3 {0-1 Jakobsen,O (2420)-Hansen,C (2485) Esbjerg North Sea Cup-08 1984 (5)}) ({RR} 9... Ne4 10. Bxe7 Qxe7 11. O-O Ndf6 12. Rac1 Rb8 13. Rfd1 Bd7 14. Ne5 Rfd8 15. Bd3 Nd6 16. c5 Nde8 17. Qa4 a6 18. Bb1 Nh7 19. Qc2 Nf8 20. e4 f6 21. Nf3 g5 22. Re1 Qg7 23. Nd2 Nc7 24. Nb3 {1-0 Bode,W (2349)-Schuette,U Niedersachsen South distr-ch 2006 (1)}) 10. Bg3 Nd6 11. O-O a5 12. c5 Nf5 13. e4 Nxg3 14. hxg3 b6 15. exd5 exd5 16. cxb6 Qxb6 17. Qc2 Bb7 18. Rac1 Rfe8 19. Na4 Qa7 20. Bd3 Bf6 21. Bh7+ Kh8 22. Bf5 Nf8 23. Nc5 Bc8 24. Bxc8 Raxc8 25. Rfe1 Qb8 26. b3 Kg8 27. Qc3 Qb5 28. Re3 Rxe3 29. Qxe3 Rc7 30. Rc2 Re7 31. Qd3 h5 32. Kf1 Qb4 33. Qc3 Qb6 34. Re2 Qb5 35. Qd3 Qxd3 36. Nxd3 Ne6 37. Rc2 Rc7 38. Nf4 g5 39. Nxh5 Bh8 40. g4 Nxd4 41. Nxd4 Bxd4 42. Ng3 Kf8 43. Nf5 Bb6 44. Re2 Rc8 45. Ne7 Rc7 46. Nf5 Bc5 47. Ke1 Bb4+ 48. Kd1 Rc8 49. Kc2 Re8 50. Rxe8+ Kxe8 51. Kd3 Kd7 52. f3 Bc5 53. Ke2 Ke6 54. Kd3 Ke5 55. a4 Ke6 56. Ng7+ Kd7 57. Nf5 Bf8 58. Kd4 f6 59. Kd3 Kc7 60. Nd4 Bd6 61. Ne6+ Kd7 62. Nd4 Be5 63. Nf5 Kc7 64. Ne3 Kd6 65. Nc2 Bb2 66. Ne3 Bc1 67. Nf5+ Kc5 68. Nd4 Bb2 69. Nc2 Be5 70. Ke2 Bh2 71. Kd3 Bg1 72. Ke2 Kd6 73. Kd3 Ke5 74. Ke2 Kf4 75. b4 Ke5 76. bxa5 Kd6 77. g3 Ba7 78. f4 Kc7 79. Ne1 Bc5 80. Nf3 Be7 81. Nd4 Bc5 82. Nf3 Be7 83. Nd4 Bc5 84. Nf3 Be7 1/2-1/2

[Event "45th Olympiad 2024"]
[Site "Budapest HUN"]
[Date "2024.09.21"]
[Round "10.11"]
[Board "3"]
[White "Bluebaum, Matthias"]
[Black "Flores, Diego"]
[Result "1-0"]
[WhiteElo "2640"]
[BlackElo "2546"]
[PlyCount "89"]
[EventDate "2024.09.11"]
[WhiteTeam "Germany"]
[BlackTeam "Argentina"]
[WhiteTeamCountry "GER"]
[BlackTeamCountry "ARG"]

1. d4 {Ribli,Zoltan} d6 2. Nf3 g6 ({RR} 2... Bg4 3. c4 Nd7 4. e4 Bxf3 5. Qxf3 g6 6. Nc3 Bg7 7. Qd1 c5 8. d5 Bxc3+ 9. bxc3 Ngf6 10. f3 Qa5 11. Qb3 O-O-O 12. Be2 Rdg8) 3. c4 Bg7 4. Nc3 c5 5. dxc5 ({RR} 5. d5 Bxc3+ 6. bxc3 f5 ({RR} 6... Qa5 7. Qb3 Nf6 8. Nd2 Nbd7 9. e4 Rb8 10. a4 a6 11. Qc2 e5 12. Be2 O-O 13. Ra3 Ne8 14. Nf1 f5 15. Bh6 Ng7 16. exf5 Rxf5 17. Ng3) 7. h4 Nf6 ({RR} 7... Qa5 8. Bd2 Nf6 9. h5 Nxh5 10. Rxh5 gxh5 11. e4 Nd7 12. exf5 Nf6 13. Bd3 Bd7 14. Ng5 Rg8 15. Nxh7 O-O-O) 8. Bh6 Rg8 9. e3 Qa5 10. Qc2 Nbd7 11. Bd3 Nb6 12. Nd2 Na4 13. Rc1 Bd7 14. O-O Ng4 15. Bf4 O-O-O 16. f3 Ne5 17. Be2 Nf7 18. Bg3 e5 19. dxe6 Bxe6) ({RR} 5. e4) 5... Bxc3+ ({RR} 5... dxc5 6. Qxd8+ Kxd8 7. Bd2 ({RR} 7. Bf4 Bxc3+ 8. bxc3 Nc6 9. g3 Be6 10. Bg2 Na5 11. Rd1+ Ke8 12. Bc7 b6 13. Ng5 Rc8 14. Be5 Nf6 15. Ne4 Nxe4 16. Bxh8 Nd6) 7... Bd7 8. g3 Nc6 9. Bg2 Rc8 10. O-O b6 11. Rfd1 Ke8 12. Rac1 Nd4 13. Nxd4 cxd4 14. Nd5 e6 15. Nb4 Ne7 16. b3) 6. bxc3 dxc5 7. Qxd8+ ({RR} 7. Qc2 Nc6 8. h3 e5 9. e4 Qe7 10. Be3 b6 11. Be2 Bb7 12. Rd1 Nf6 13. Bg5 Na5 14. O-O h6 15. Bh4 g5 16. Bg3 Bxe4 17. Qc1 Bxf3 18. Bxf3 e4 19. Rfe1 Rd8) 7... Kxd8 8. g3 ({RR} 8. Ne5 Be6 9. g3 Nd7 ({RR} 9... f6 10. Bg2 Kc7 ({RR} 10... Kc8 11. Rb1) 11. Rb1) 10. Nxd7 ({RR} 10. Bf4 Nxe5 11. Bxe5 f6) 10... Kxd7 11. Bg2 Nf6 ({RR} 11... Bxc4) 12. Rb1 ({RR} 12. Bxb7 Rab8 ({RR} 12... Bxc4 13. Bxa8 Rxa8) 13. Ba6 Ne4) 12... b6 ({RR} 12... Rab8 13. Bf4) 13. Bxa8 Rxa8 14. f3 Ne8 15. Bf4 Bxc4 16. Rb2 Kc6 17. Rd2 ({RR} 17. Kf2 Nd6) 17... Nd6 18. Bxd6 ({RR} 18. Kf2) 18... exd6 19. Kf2 ({RR} 19. e4 f5 20. exf5 gxf5) 19... d5 20. e4 dxe4 21. fxe4 Re8 22. Re1 Be6 {0-1 Bacrot,E (2594)-Topalov,V (2702) Sarajevo Bosnia 30th 2000 (7)} {RR} 23. Rb2 ({RR} 23. Rb1 Bg4 24. Re1 Kb5) 23... Rd8 24. Ree2) ({RR} 8. Bf4 f6 9. O-O-O+ Bd7 10. e4 Nc6 11. e5 Kc8 12. exf6 Nxf6 13. Bd3 Nh5 14. Be3 b6 15. Rhe1 Kc7 16. Be4 Rad8 17. Rxd7+ Kxd7 18. g4 Nf6 19. Bc2 Nxg4 20. Ba4 Rhf8 21. Ng5 Nxe3 22. fxe3 Rf6 {0-1 Manukyan,S (2224)-Boyer,M (2455) Titled Tue 4th Jun Early 2024 (7)}) ({RR} 8. Ne5 Ke8 9. g3 f6 10. Nd3 Na6 11. Bg2 Rb8 12. a4 e6 13. a5 Ne7 14. Be3 Nf5 15. Bxc5 Nxc5 16. Nxc5 b6 17. axb6 axb6 18. Nd3 Bd7 19. O-O Rc8 20. c5 bxc5 21. Bb7 Rb8 22. Nxc5 Bc8 {1-0 Bluebaum,M (2632)-Ramirez Alvarez,A (2549) Moscow Aeroflot op-A 16th 2017 (9)}) 8... Nd7 $146 ({RR} 8... Be6 9. Bg2 Nc6 10. Rb1 Na5 11. Ne5 Rc8 12. Bxb7 Rb8 13. Be4 Rxb1 14. Bxb1 Nf6 15. Be3 Nd7 16. Nxd7 Kxd7 17. Bxc5 Rc8 18. Bxa7 Rxc4 19. O-O Rxc3 20. Rd1+ Kc6 21. Be3 Bd5 22. Bd2 Ra3 23. Bb4 {1-0 Guilleux,F (2387)-Iglesias,Y (2246) Paris-ch 93rd 2018 (5)}) ({RR} 8... f6 9. Bg2 Kc7 10. Be3 Nd7 11. O-O-O e5 12. Rd2 Ne7 13. Rhd1 Nf5 14. Rxd7+ Bxd7 15. Bxc5 h5 16. e4 Nh6 17. Bd6+ Kc8 18. h3 g5 19. Ne1 Re8 20. Nc2 Ba4 21. Bf3 Bxc2 22. Kxc2 Nf7 23. Ba3 {0-1 Valles Moreno,I (2327)-Luque Saiz,A (2318) TCh-ESP 2nd Div 2023 (4.31)}) ({RR} 8... Nc6 9. Be3 Be6 10. O-O-O+ Ke8 11. Bxc5 Bxc4 12. Kb2 Nf6 13. Nd2 Bd5 14. f3 Be6 15. e4 Nd7 16. Be3 f6 17. Be2 Kf7 18. Nb3 Rhc8 19. Nd4 Nb6 20. Nxe6 Kxe6 21. Bxb6 axb6 22. Bc4+ Ke5 23. Rd5+ {1-0 Demuth,A (2538)-Savina,A (2350) Cap d'Agde Karpov YM blitz 6th 2017 (5)}) 9. Bg2 Ngf6 10. Bf4 Nh5 11. Be3 f6 12. Rd1 Ke8 13. Nd2 Rb8 14. Ne4 Ne5 15. Nxc5 b6 16. Nd3 Nxc4 17. Bh6 Nd6 18. Bc6+ Kf7 19. Bd5+ Be6 20. Bxe6+ Kxe6 21. g4 Rhg8 22. gxh5 g5 23. h4 Nf7 24. hxg5 fxg5 25. Bxg5 Rxg5 26. Nf4+ Kf6 27. Rd7 Nd6 28. Rh3 Ne4 29. Nd5+ Kf5 30. Rf3+ Ke5 31. Rxe7+ Kxd5 32. Rd3+ Kc5 33. Rxe4 Rxh5 34. Re7 a5 35. Rc7+ Kb5 36. Rd5+ Rxd5 37. c4+ Kb4 38. cxd5 Ka3 39. d6 b5 40. d7 Rd8 41. e4 b4 42. e5 Kxa2 43. e6 b3 44. e7 b2 45. Rc2 1-0

[Event "45th Olympiad 2024"]
[Site "Budapest HUN"]
[Date "2024.09.21"]
[Round "10.11"]
[Board "4"]
[White "Sosa, Tomas ARG"]
[Black "Svane, Frederik"]
[Result "1/2-1/2"]
[WhiteElo "2515"]
[BlackElo "2640"]
[PlyCount "97"]
[EventDate "2024.09.11"]
[WhiteTeam "Argentina"]
[BlackTeam "Germany"]
[WhiteTeamCountry "ARG"]
[BlackTeamCountry "GER"]

1. e4 c5 2. b3 d6 3. Bb2 Nf6 4. Bb5+ Nbd7 5. Qe2 a6 6. Bxd7+ Bxd7 7. f4 ({RR} 7. Nc3 Bc6 8. O-O-O b5 9. d4 b4 10. Nb1 cxd4 11. Rxd4 e5 12. Rxb4 Be7 13. Nf3 a5 14. Rc4 Bb5 15. Rd1 Bxc4 16. Qxc4 Nd7 17. Nc3 O-O 18. Nd5 Nc5 19. Ba3 Rc8 20. Kb1 Re8 21. Bxc5 Rxc5 {1-0 Bayramov,E (2251)-Ahmad,K (2133) 77th ch-AZE Prelim 2023 (2.10)}) 7... Bc6 8. d3 g6 9. Nd2 $146 ({RR} 9. Nf3 Bg7 10. O-O O-O 11. c4 b5 12. Nbd2 a5 13. f5 a4 14. fxg6 hxg6 15. Rae1 axb3 16. axb3 Ra2 17. Bc1 Nh5 18. Qe3 e5 19. g3 bxc4 20. bxc4 f5 21. Qg5 Qxg5 22. Nxg5 Bh6 23. Ndf3 Rb8 {½-½ Khatena,M (2200)-Rohde,M (2545) World op 23rd 1995 (5)}) ({RR} 9. e5 dxe5 10. fxe5 Nd5 11. e6 f6 12. Nh3 Qd6 13. O-O Bh6 14. Nc3 Nf4 15. Nxf4 Bxf4 16. h3 Bh2+ 17. Kh1 Be5 18. Nd1 Qxe6 19. Bxe5 O-O 20. Nc3 fxe5 21. Kg1 Qd6 22. Ne4 Qd4+ 23. Kh2 Rf4 {0-1 Honfi,K (2375)-Wojtkiewicz,A (2540) Bad Woerishofen op 7th 1991 (3)}) 9... Bg7 10. Nh3 O-O 11. O-O e6 12. Rae1 b5 13. e5 Nd7 14. c4 a5 15. cxb5 Bxb5 16. Nc4 dxe5 17. fxe5 a4 18. Nd6 Bc6 19. bxa4 Rxa4 20. a3 Rh4 21. Nf2 Bd5 22. Ng4 Nxe5 23. Bxe5 Bxe5 24. Nxe5 Qxd6 25. Qf2 Qe7 26. Nd7 Rg4 27. Nf6+ Qxf6 28. Qxf6 Rxg2+ 29. Kh1 Re2+ 30. Kg1 Rg2+ 31. Kh1 Rg3+ 32. Re4 Rxd3 33. Rff4 Rd4 34. Qe5 f5 35. Kg1 Rxe4 36. Rxe4 fxe4 37. a4 c4 38. a5 Rc8 39. Qc3 e3 40. Kf1 Rf8+ 41. Ke1 Rf2 42. Qe5 Ra2 43. h4 c3 44. Qb8+ Kf7 45. Qc7+ Kf6 46. Qf4+ Ke7 47. Qc7+ Kf6 48. Qf4+ Ke7 49. Qc7+ 1/2-1/2

[Event "45th Olympiad 2024"]
[Site "Budapest HUN"]
[Date "2024.09.21"]
[Round "10.12"]
[Board "1"]
[White "Suleymanli, Aydin"]
[Black "Albornoz Cabrera, Carlos Daniel"]
[Result "1-0"]
[WhiteElo "2632"]
[BlackElo "2579"]
[PlyCount "147"]
[EventDate "2024.09.11"]
[WhiteTeam "Azerbaijan"]
[BlackTeam "Cuba"]
[WhiteTeamCountry "AZE"]
[BlackTeamCountry "CUB"]

1. d4 Nf6 2. c4 e6 3. Nf3 d5 4. Nc3 Bb4 5. Qa4+ Nc6 6. e3 O-O 7. Qc2 Re8 8. Bd2 Bf8 9. a3 b6 ({RR} 9... e5 10. dxe5 Nxe5 11. cxd5 Nxf3+ 12. gxf3 Nxd5 13. h4 Nxc3 14. Bxc3 Qd5 15. Be2 Bf5 16. Qa4 Bd7 17. Rd1 Qxf3 18. Bxf3 Bxa4 19. Bxb7 Bxd1 20. Bxa8 Bg4 21. Bc6 Rd8 22. f3 Be6 23. Bd4 a6 24. Kf2 {½-½ Carlsen,M (2863)-Anand,V (2753) Legends of Chess Prelim rapid 2020 (2.3)}) ({RR} 9... e5 10. dxe5 Nxe5 11. cxd5 Nxd5 12. O-O-O Nf6 13. Nb5 c6 14. Bc3 Qb6 15. Bd4 Qa5 16. Bc3 Qb6 17. Nd6 Bxd6 18. Rxd6 Qc7 19. Rd2 Nfd7 20. Ng5 Nf8 21. Nf3 Nfd7 22. h3 b6 23. Ng5 Nf8 24. f4 {1-0 Suleymanli,A (2620)-Rietze,C (2372) Titled Tue 6th Aug Early 2024 (1)}) 10. cxd5 exd5 11. Bd3 Ne7 12. Ne2 $146 ({RR} 12. Ne5 c5 13. Bb5 Nd7 14. Qa4 cxd4 15. Nxd7 dxc3 16. Bxc3 a6 17. Ne5 axb5 18. Qxa8 Qc7 19. O-O f6 20. Nf3 Kf7 21. Nd4 Bb7 22. Nxb5 {1-0 Kantor,G (2553)-Saksham,R (2393) SPICE Cup Open 2022 (5.10)}) ({RR} 12. Ne5 a6 13. g4 g6 14. f3 c5 15. O-O-O Nd7 16. Nxf7 Kxf7 17. h4 b5 18. h5 c4 19. Bf1 Bg7 20. e4 Nf8 21. hxg6+ hxg6 22. Be3 Rb8 23. Qh2 Rb7 24. Be2 b4 25. axb4 Rxb4 26. Bh6 Bxh6+ {0-1 Maghsoodloo,P (2740)-Gukesh,D (2725) 86th Tata Steel Masters 2024 (13.2)}) ({RR} 12. Ne5 Bb7 13. f4 a6 14. g4 c5 15. g5 Ne4 16. dxc5 bxc5 17. Nxe4 dxe4 18. Bc4 Bd5 19. O-O-O Bxc4 20. Qxc4 Qd5 21. Ba5 Qxc4+ 22. Nxc4 Nf5 23. h4 g6 24. Rd7 Bg7 25. h5 Ng3 26. hxg6 hxg6 {1-0 Wei,Y (2725)-Xu,Y (2516) CHN-chT Liaocheng 2021 (4.1)}) ({RR} 12. O-O Ng6 13. Nb5 c5 14. Rfe1 c4 15. Bf1 a6 16. Nc3 b5 17. Rad1 Bb7 18. g3 Bc6 19. Ne2 a5 20. Nf4 b4 21. Nxg6 hxg6 22. Ne5 Bb7 23. axb4 axb4 24. Bg2 Bc8 25. f3 Qb6 26. Kh1 Be6 {½-½ Nakamura,H (2736)-Ding,L (2799) Speed Chess Chess.com INT blitz 2021 (3.19)}) 12... Ng6 13. Rc1 c5 14. dxc5 bxc5 15. Bb5 Bd7 16. Bxd7 Qxd7 17. O-O d4 18. Ng3 Ne5 19. Nxe5 Rxe5 20. exd4 cxd4 21. Qc6 Qxc6 22. Rxc6 a5 23. Rd1 Rd5 24. Ne2 Bd6 25. f3 Re8 26. Nf4 Bxf4 27. Bxf4 h5 28. h4 Re2 29. Rd2 Re1+ 30. Kf2 Rb1 31. Rd6 d3 32. Kg3 Rxd6 33. Bxd6 Nd7 34. Rxd3 Rxb2 35. Bc7 Nc5 36. Rd8+ Kh7 37. Bxa5 Ne6 38. Rd2 Rb3 39. Ra2 f6 40. a4 Nc5 41. Be1 Rb1 42. Bf2 Na6 43. a5 Rb5 44. Be1 Rb1 45. Bd2 Rb5 46. Kf2 Kg6 47. Ke3 Kf5 48. Bc3 Rc5 49. Kd4 Rc8 50. Bd2 g5 51. hxg5 fxg5 52. Rb2 Nc7 53. Ke3 g4 54. Kf2 gxf3 55. Kxf3 Rd8 56. Bf4 Nd5 57. Bd2 Nc7 58. Be3 Rd3 59. Rd2 Rc3 60. Rd1 Ra3 61. Rd7 Rc3 62. Kf2 Ke6 63. Rh7 Nd5 64. Rh6+ Kf7 65. Bd4 Rc4 66. Bh8 Nf4 67. a6 Ra4 68. a7 Ne6 69. Be5 Ng5 70. Bd4 Ne6 71. Be3 Ra2+ 72. Kg1 Ra5 73. Rh8 Nf8 74. Bc5 1-0

[Event "45th Olympiad 2024"]
[Site "Budapest HUN"]
[Date "2024.09.21"]
[Round "10.12"]
[Board "2"]
[White "Quesada Perez, Luis Ernesto"]
[Black "Abasov, Nijat"]
[Result "1/2-1/2"]
[WhiteElo "2578"]
[BlackElo "2626"]
[PlyCount "85"]
[EventDate "2024.09.11"]
[WhiteTeam "Cuba"]
[BlackTeam "Azerbaijan"]
[WhiteTeamCountry "CUB"]
[BlackTeamCountry "AZE"]

1. d4 d5 2. c4 e6 3. Nf3 Nf6 4. Nc3 c6 5. e3 Nbd7 6. Qc2 b6 7. b3 Bb7 8. Bb2 Bb4 ({RR} 8... Bd6 9. Bd3 O-O 10. O-O Re8 11. Rad1 Rc8 12. e4 e5 13. exd5 cxd5 14. Nb5 Bb8 15. dxe5 dxc4 16. Bxc4 Bxf3 17. gxf3 Bxe5 18. Bxe5 Rxe5 19. Nd6 Nd5 20. Nxc8 Nf4 21. Kh1 Rh5 22. Bxf7+ {1-0 Shankland,S (2725)-Dreev,A (2670) PRO League Stage rapid 2019 (6)}) ({RR} 8... Rc8 9. Bd3 Bd6 10. O-O O-O 11. Rad1 Qe7 12. Qb1 Rfd8 13. h3 h6 14. Rfe1 c5 15. cxd5 Nxd5 16. Nxd5 Bxd5 17. e4 Bb7 18. d5 Bb8 19. Qa1 Nf6 20. Bc4 Ne8 21. a4 exd5 22. exd5 Qf8 23. Re4 {1-0 Mamedyarov,S (2733)-Bareev,E (2611) Candidates Blitz 2024 (7.1)}) 9. Be2 $146 ({RR} 9. a3 Bxc3+ 10. Qxc3 c5 11. Rd1 O-O 12. Ne5 Ne4 13. Qc2 cxd4 14. Nxd7 Qxd7 15. Rxd4 f5 16. Be2 Qe7 17. O-O Rac8 18. f3 Nf6 19. Qc3 Kh8 20. Rfd1 Rc7 21. Qb4 Qf7 22. R4d2 Kg8 23. Be5 Rcc8 {1-0 Narayanan,S (2660)-Salles,L (2293) TCh-FRA Top 16 GpB 2023 (1.3)}) 9... Ne4 10. O-O Bxc3 11. Bxc3 Nxc3 12. Qxc3 O-O 13. cxd5 exd5 14. b4 Re8 15. Rfc1 a5 16. a3 Qe7 17. Nd2 Qd6 18. h3 axb4 19. axb4 Rxa1 20. Rxa1 Ra8 21. Rxa8+ Bxa8 22. Qa3 Bb7 23. Bg4 Nf6 24. Qa7 Qc7 25. Nf3 g6 26. Ne5 Kg7 27. Be2 b5 28. h4 h5 29. Bf3 Nd7 30. g3 Qb8 31. Qxb8 Nxb8 32. Nd3 Na6 33. Nc5 Nxc5 34. dxc5 f5 35. Kf1 Kf6 36. Bd1 Bc8 37. f3 Ke5 38. Ke2 Bd7 39. Kd2 Bc8 40. Bc2 Bd7 41. g4 Kf6 42. gxh5 gxh5 43. f4 1/2-1/2

[Event "45th Olympiad 2024"]
[Site "Budapest HUN"]
[Date "2024.09.21"]
[Round "10.12"]
[Board "3"]
[White "Mamedov, Rauf"]
[Black "Berdayes Ason, Dylan Isidro"]
[Result "1-0"]
[WhiteElo "2637"]
[BlackElo "2474"]
[PlyCount "75"]
[EventDate "2024.09.11"]
[WhiteTeam "Azerbaijan"]
[BlackTeam "Cuba"]
[WhiteTeamCountry "AZE"]
[BlackTeamCountry "CUB"]

1. e4 c6 2. Nf3 d5 3. Nc3 dxe4 4. Nxe4 Nf6 5. Qe2 Nxe4 6. Qxe4 Qa5 7. b4 Qd5 ({RR} 7... Qf5 8. Qe3 Qe6 9. Be2 Qxe3 10. fxe3 f6 11. a4 e5 12. Ba3 Bf5 13. d3 Nd7 14. O-O Bg6 15. e4 a5 16. b5 cxb5 17. axb5 Bxa3 18. Rxa3 b6 19. Nh4 Ke7 20. Kf2 Rac8 21. c3 Rc7 22. Ke3 {0-1 Jones,G (2683)-Howell,D (2676) GBR-ch KO London 2019 (2.6)}) 8. Qh4 Qe6+ 9. Be2 Qg4 $146 ({RR} 9... Qf6 10. Qxf6 exf6 11. a3 Bd6 12. Bb2 Na6 13. O-O Nc7 14. Nd4 Bd7 15. Nb3 O-O-O 16. Rfe1 Rhe8 17. Bh5 g6 18. Bf3 Be5 19. d4 Bd6 20. c4 Rxe1+ 21. Rxe1 f5 22. Na5 a6 23. Bc3 Re8 24. Rxe8+ {½-½ Frolyanov,D (2498)-Turov,M (2552) 77th ch-RUS HL 2024 (8.8)}) 10. Bb2 Qxh4 11. Nxh4 Nd7 12. Nf3 Nf6 13. b5 cxb5 14. Bxb5+ Bd7 15. a4 a6 16. Be2 Rc8 17. O-O e6 18. c4 Bd6 19. Rfb1 Bc6 20. Nd4 Be4 21. d3 Bg6 22. Nb3 O-O 23. Na5 Rc7 24. Bd4 Rd7 25. Rxb7 Rxb7 26. Nxb7 Bc7 27. Nc5 a5 28. Rb1 Rc8 29. h4 h6 30. Be3 Ne8 31. h5 Bh7 32. Rb3 g5 33. hxg6 Bxg6 34. Bxh6 Nd6 35. g4 Bd8 36. Nd7 Bh7 37. Bf4 Ne8 38. Rb5 1-0

[Event "45th Olympiad 2024"]
[Site "Budapest HUN"]
[Date "2024.09.21"]
[Round "10.12"]
[Board "4"]
[White "Almeida Quintana, Omar"]
[Black "Muradli, Mahammad"]
[Result "1/2-1/2"]
[WhiteElo "2492"]
[BlackElo "2576"]
[PlyCount "87"]
[EventDate "2024.09.11"]
[WhiteTeam "Cuba"]
[BlackTeam "Azerbaijan"]
[WhiteTeamCountry "CUB"]
[BlackTeamCountry "AZE"]

1. d4 Nf6 2. Nf3 d5 3. c4 e6 4. Nc3 c5 5. cxd5 Nxd5 6. e4 Nxc3 7. bxc3 cxd4 8. cxd4 Bb4+ 9. Bd2 Bxd2+ 10. Qxd2 O-O 11. Bd3 Nc6 12. e5 Qa5 13. Rc1 ({RR} 13. Qxa5 Nxa5 14. Ke2 Bd7 15. Ke3 Rac8 16. Rhc1 Bc6 17. Be4 Rfd8 18. Bxc6 Nxc6 19. Rab1 Rd7 20. Rc4 Rcd8 21. Ra4 a6 22. Rb6 Ne7 23. Rb2 Nd5+ 24. Kd3 Nf4+ 25. Ke4 Nd5 26. Rc2 h6 27. Rac4 g5 {0-1 Rostomyan,M (2320)-Manukyan,A (2155) Titled Tue 25th Jun Late 2024 (3)}) 13... Rd8 14. Qxa5 Nxa5 15. Ke2 $146 ({RR} 15. Be4 Bd7 16. Ke2 Bc6 17. Ke3 Rac8 18. Rc3 Bxe4 19. Rxc8 Rxc8 20. Kxe4 Rc2 21. Kd3 Rxa2 22. Rc1 Nc6 23. Nd2 Ra3+ 24. Rc3 Rxc3+ 25. Kxc3 b5 26. Nb3 Kf8 27. Nc5 Ke7 28. Na6 Kd7 29. f4 Ne7 {0-1 Larrea Poladura,M-Cantora Alvarez,P Asturias Primera op-B 1998 (3)}) ({RR} 15. Kd2 h6 16. Ke3 Bd7 17. Rc5 b6 18. Rc7 Bc6 19. Ba6 Bd5 20. a4 Bc6 21. Ra1 Rd7 22. Rxd7 Bxd7 23. Bb5 Bc6 24. Rc1 Rc8 25. Nd2 Bb7 26. Rxc8+ Bxc8 27. Ne4 Bb7 28. Nd6 Bxg2 29. f3 g5 {1-0 Abdusattorov,N (2550)-Saydaliev,S (2361) UZB-ch Tashkent 2018 (8)}) 15... Bd7 16. Ke3 Bc6 17. Ng5 h6 18. Ne4 Bxe4 19. Bxe4 Rac8 20. Rhd1 Kf8 21. f4 b5 22. Rxc8 Rxc8 23. d5 Nc4+ 24. Ke2 Nb6 25. dxe6 fxe6 26. Rd6 Ke7 27. g4 Rc5 28. Rc6 Rxc6 29. Bxc6 b4 30. Kd3 a5 31. Kd4 a4 32. Be4 Nd5 33. Kc4 b3 34. axb3 Ne3+ 35. Kc3 axb3 36. h3 Nd1+ 37. Kxb3 Nf2 38. Bg2 Nd3 39. h4 Nxf4 40. Be4 Nd5 41. Bf3 Kd7 42. Kc4 Ne7 43. Be4 g6 44. Kc5 1/2-1/2

[Event "45th Olympiad 2024"]
[Site "Budapest HUN"]
[Date "2024.09.21"]
[Round "10.13"]
[Board "1"]
[White "Theodorou, Nikolas"]
[Black "Kadric, Denis"]
[Result "1-0"]
[WhiteElo "2619"]
[BlackElo "2553"]
[PlyCount "109"]
[EventDate "2024.09.11"]
[WhiteTeam "Greece"]
[BlackTeam "Montenegro"]
[WhiteTeamCountry "GRE"]
[BlackTeamCountry "MNE"]

1. d4 d5 2. c4 dxc4 3. Nf3 e6 4. e3 b5 5. a4 c6 6. axb5 cxb5 7. b3 Nf6 8. bxc4 bxc4 9. Bxc4 Bd6 10. O-O O-O 11. Ba3 Bb7 ({RR} 11... a5 12. Nbd2 Nc6 13. Bxd6 Qxd6 14. Bb5 Nb4 15. Qe2 Qb6 16. Rfc1 Bb7 17. Nb3 Bd5 18. Nc5 Rfc8 19. Ne5 Ne4 20. Nxe4 Bxe4 21. Nd7 Qa7 22. f3 Bg6 23. Nc5 Qb6 24. Ba4 Rd8 25. Ra3 Ra7 26. Rac3 {1-0 Delorme,L (2075)-Auvray,J (1969) TCh-FRA Top 16 GpA 2024 (6.24)}) 12. Nbd2 a5 13. Be2 $146 ({RR} 13. Qb3 Ra7 14. Rfc1 Bxa3 15. Qxa3 Nbd7 16. Bb5 Qa8 17. Rab1 h6 18. h3 Bd5 19. Bc4 Bc6 20. Bb5 Bd5 21. Bc4 Bc6 22. Bb5 {½-½ Gelfand,B (2668)-Nabaty,T (2623) ECo-C Extraliga 2022-23 (8.6)}) 13... Nc6 14. Bxd6 Qxd6 15. Nc4 Qc7 16. Qa4 Rfb8 17. Rfc1 Qd8 18. Nfe5 Nxe5 19. Nxe5 Bd5 20. Bb5 Rc8 21. f3 g6 22. Qa3 Rxc1+ 23. Rxc1 Kg7 24. Rc5 a4 25. Bxa4 Qb6 26. Rc1 Qa5 27. Ra1 Qd2 28. h3 Ra7 29. Kh2 Nh5 30. Qc5 Rb7 31. Qc1 Qf2 32. Qe1 Qb2 33. Kg1 Rc7 34. Nd3 Qb6 35. Rc1 Ra7 36. Nc5 Qb2 37. Qc3 Qxc3 38. Rxc3 Nf6 39. e4 Bb7 40. Kf2 Bc8 41. Rc2 Kf8 42. Bc6 Ke7 43. e5 Nd5 44. Bxd5 exd5 45. h4 h6 46. Rb2 Ra1 47. Rb8 Ra2+ 48. Kg1 Be6 49. Rb7+ Kf8 50. Nd7+ Ke8 51. Nf6+ Kd8 52. Rb6 Kc8 53. Rd6 Ra5 54. g4 Kb7 55. Nd7 1-0

[Event "45th Olympiad 2024"]
[Site "Budapest HUN"]
[Date "2024.09.21"]
[Round "10.13"]
[Board "2"]
[White "Petrov, Nikita"]
[Black "Kourkoulos-Arditis, Stamatis"]
[Result "1-0"]
[WhiteElo "2574"]
[BlackElo "2570"]
[PlyCount "55"]
[EventDate "2024.09.11"]
[WhiteTeam "Montenegro"]
[BlackTeam "Greece"]
[WhiteTeamCountry "MNE"]
[BlackTeamCountry "GRE"]

1. d4 d5 2. c4 e6 3. Nf3 a6 4. e3 Nf6 5. Nbd2 c5 6. cxd5 exd5 7. b3 Nc6 8. Bb2 Bg4 9. Be2 Bxf3 10. Nxf3 cxd4 11. Nxd4 Bb4+ 12. Kf1 Ne4 $146 ({RR} 12... O-O 13. Nxc6 bxc6 14. g3 Qe7 15. Kg2 Ba3 16. Bxa3 Qxa3 17. Qc2 Rfc8 18. Rhd1 a5 19. Rab1 h6 20. Bf3 Qe7 21. Rbc1 h5 22. h4 g6 23. Rd4 Nd7 24. Kg1 Ne5 25. Bg2 Qf6 26. Qc3 Qe6 27. Rcd1 {½-½ Mirzoev,A (2474)-Lugovskoy,M (2425) Charleroi op 2019 (6)}) ({RR} 12... O-O 13. g3 Re8 14. Nxc6 bxc6 15. Kg2 Re6 16. Rc1 Qf8 17. Rc2 Ne4 18. Bf3 f5 19. Rxc6 Rxc6 20. Qxd5+ Kh8 21. Qxc6 Rc8 22. Qb7 Rc2 23. Bxe4 fxe4 24. Bxg7+ Qxg7 25. Qxb4 Qf7 26. Qb8+ Kg7 27. Qe5+ {1-0 Mirzoev,A (2418)-Csiki,E (2396) FSGM September 2023 (7.2)}) ({RR} 12... O-O 13. g3 Rc8 14. Kg2 Nxd4 15. Qxd4 Rc2 16. Bd3 Bc5 17. Bxh7+ Kh8 18. Qxf6 gxf6 19. Bxc2 Bd6 20. Rhd1 Be5 21. Bxe5 fxe5 22. Be4 Qe7 23. Bxd5 b5 24. a4 Rd8 25. axb5 axb5 26. e4 Rd7 27. Rd3 {1-0 Zubov,A (2606)-Thejkumar,M (2445) Abu Dhabi op 23rd 2016 (2)}) 13. Nxc6 bxc6 14. Qd4 Qf6 15. Qxe4+ dxe4 16. Bxf6 gxf6 17. Rc1 c5 18. Rc4 O-O-O 19. Rxe4 Rd2 20. Bxa6+ Kc7 21. g3 Ra8 22. Bc4 Raxa2 23. Rf4 Bc3 24. Kg2 Be5 25. Rf5 Rdc2 26. Rf1 Kd6 27. Rh5 Rc3 28. Kf3 1-0